British Monarch by Movie Quiz Stats

 Plays Quiz not verified by Sporcle

Challenge
Share
Tweet
Embed
Score 0/33 Timer 04:00
0 Plays Today
movie monarch % Correct
Mary, Queen of ScotsElizabeth I
97.8%
Anne of the Thousand DaysElizabeth I
97.8%
The Other Boleyn GirlElizabeth I
97.8%
ElizabethElizabeth I
97.8%
Princes in the TowerHenry VII
96.9%
Anne of the Thousand DaysHenry VIII
95.7%
The Other Boleyn GirlHenry VIII
95.7%
Mary, Queen of ScotsMary, Queen of Scots
95.5%
The Madness of King GeorgeGeorge III
95.5%
The King's SpeechGeorge V
95.3%
Princes in the TowerEdward V
94.9%
The Madness of King GeorgeGeorge IV
94%
Lady JaneEdward VI
94%
The King's SpeechElizabeth II
92.8%
The King's SpeechGeorge VI
91.9%
The Lion in WinterRichard I
91.7%
BraveheartEdward I
91.3%
movie monarch % Correct
The King's SpeechEdward VIII
91.1%
BecketHenry II
90.8%
The Lion in WinterHenry II
90.8%
The Other Boleyn GirlMary I
90.8%
ElizabethMary I
90.8%
Lady JaneMary I
90.8%
Princes in the TowerRichard III
89%
CromwellCharles I
88.6%
BraveheartEdward II
87.7%
CromwellCharles II
87.2%
Mary, Queen of ScotsJames VI a.k.a. James I
85.9%
Lady JaneLady Jane Grey
81.7%
BecketJohn
81.4%
The Lion in WinterJohn
81.4%
The Madness of King GeorgeWilliam IV
75.4%
BraveheartRobert the Bruce
52.6%

You're not logged in!

Compare scores with friends on all Sporcle quizzes.
Join for Free
OR
Log In

You Might Also Like...

Show Comments

Extras

Top Quizzes Today


Score Distribution

Your Account Isn't Verified!

In order to create a playlist on Sporcle, you need to verify the email address you used during registration. Go to your Sporcle Settings to finish the process.

Report this User

Report this user for behavior that violates our Community Guidelines.

Details: